| 000 | 00382 a2200157 4500 | ||
|---|---|---|---|
| 001 | 14301 | ||
| 020 | _a9788516055479 | ||
| 040 | _cAnchieta - Aquarius | ||
| 100 | _aMartins,Maria Helena Pires | ||
| 240 | 1 | 0 |
_aO prazer das compras _lpor |
| 245 | 1 | 0 | _aO prazer das compras |
| 300 | _a56 | ||
| 362 | 0 | _a2007 | |
| 650 | 4 | _aEstudos sociais / Educação para o trânsito | |
| 942 | _cBK | ||
| 999 |
_c14301 _d14301 |
||